Belas canções de Natal (Registo nº 1139)

Detalhes MARC
000 -Etiqueta do registo
Cabeçalho 00720ccm a2200277 i 4500
005 - Identificador da versão
Campo de controlo 20240813121826.0
010 ## - Número internacional normalizado dos livros (ISBN)
Número (ISBN) 972876944X
021 ## - Número do Depósito Legal
Código do país PT
Número 188168/02
100 ## - Dados gerais de processamento
Dados gerais de processamento 20030212d2002 medy0pory5003 ba
102 ## - Pais de publicação ou produção
País de publicação Portugal
101 0# - Língua de publicação
Língua do texto, banda sonora, etc. Português
106 ## - Campo de dados codificados: material textual
Dados codificados do material textual r
105 ## - Campo de dados codificados: livros
Dados codificados dos livros ag z 001yy
215 ## - Descrição física 
Indicação específica da natureza do documento e extensão da espécie 32 p.
Outras indicações físicas not. mus.
Dimensões 30 cm
200 1# - Titulo e menção de responsabilidade
Título próprio Belas canções de Natal
Indicação geral da natureza do documento Música impressa
Primeira menção de responsabilidade arr. Armando Araújo
205 ## - Menção da edição
Menção da edição 1ª ed
210 ## - Publicação, Distribuição, etc. 
Lugar da edição, distribuição, etc. Canelas VNG
Nome do editor, distribuidor, etc. Gailivro
Data da publicação, distribuição, etc. 2002
675 ## - Classificação Decimal Universal (CDU)
Notação 784.4
Edição BN
Língua da edição por
Notação 398.8
Edição BN
Língua da edição por
Notação 264
Edição BN
Língua da edição por
702 #1 - Nome de autor-pessoa física (responsabilidade secundária)
Número de registo de entrada de autoridade 0001557
Palavra de ordem Araújo
Outra parte do nome não tomada para palavra de ordem Armando de
Código de função Autor de arranjo musical / Orquestrador /Autor da realização do baixo contínuo / Autor da redução
942 ## - Elementos de entrada adicionados (Koha)
Tipo de item no Koha Livro
Exemplares
Situação do levantamento Origin of item (home branch) (coded) Biblioteca de empréstimo Código de barras Cota Circulation type (not for loan) Tipo de documento Nota do exemplar Damaged status
  Biblioteca Escolar Eng. Nuno Mergulhão Biblioteca Escolar Eng. Nuno Mergulhão BENM2075 78MUS ARA   Livro Sem mensagem